Gaceta Municipal : publicación mensual del H. Ayuntamiento de Guadalajara /
Esta es una publicación oficial cuyo principal objetivo es dar cuenta de las labores realizadas por el Ayuntamiento de Guadalajara, en la mayoría de de los tomos incluye artículos históricos. En este número presentan: Homenaje del pueblo y del gobierno de Jalisco al presidente don Venustiano Carranz...
Tallennettuna:
| Muut tekijät: | |
|---|---|
| Aineistotyyppi: | Kirja |
| Kieli: | espanja |
| Aiheet: | |
| Tagit: |
Ei tageja, Lisää ensimmäinen tagi!
|
MARC
| LEADER | 00000nam^a2200000^a^4500 | ||
|---|---|---|---|
| 001 | 000118777 | ||
| 005 | 20250521000000.0 | ||
| 009 | 20260310094254.952 | ||
| 037 | |a Acervo ITESO - Biblioteca | ||
| 041 | |a ESP | ||
| 082 | |a 350. 5 |b GAC 1959 V. 27 T. 12 | ||
| 240 | 1 | 1 | |a [Gaceta Municipal] |
| 245 | 1 | 0 | |a Gaceta Municipal : |b publicación mensual del H. Ayuntamiento de Guadalajara / |c Dir. de M. Silva Romero. |
| 264 | |a Guadalajara, México : |b Ayuntamiento de Guadalajara, |c 1959 | ||
| 300 | |a 28 p. | ||
| 336 | |a texto |b txt |2 rdacontenido | ||
| 337 | |a sin mediación |b n |2 rdamedio | ||
| 338 | |a volumen |b nc |2 rdasoporte | ||
| 520 | |a Esta es una publicación oficial cuyo principal objetivo es dar cuenta de las labores realizadas por el Ayuntamiento de Guadalajara, en la mayoría de de los tomos incluye artículos históricos. En este número presentan: Homenaje del pueblo y del gobierno de Jalisco al presidente don Venustiano Carranza; Resumen de las actas levantadas en las sesiones del Ayuntamiento durante el mes de noviembre; Aniversario del decreto que abolió la esclavitud; Desayunos escolares; Iluminación decorativa en edificios y monumentos y Permisos otorgados por la Dirección General de Planeación, Servicios Urbanos y Obras Públicas durante el mes de noviembre. | ||
| 649 | |a XX | ||
| 650 | |a Fiestas Cívicas - |z Guadalajara, Jalisco | ||
| 650 | |a Obras Públicas - |z Guadalajara, Jalisco - |x Historia - |y 1958-1964 | ||
| 650 | |a Guadalajara, Jalisco - |x Historia - |y 1958-1964 | ||
| 650 | |a Jalisco - |x Historia - |y 1958-1964 | ||
| 650 | |a Jefes de Estado Mexicanos | ||
| 650 | |a Políticos Mexicanos | ||
| 650 | |a Independentistas Mexicanos | ||
| 650 | |a Revolucionarios Mexicanos | ||
| 650 | |a México - |x Historia - |y Revolución Carrancista y Constitucionalista, 1913-1917 | ||
| 650 | |a México - |x Historia - |y Régimen Carrancista, 1917-1920 | ||
| 650 | |a México - |x Historia - |y 1910-1946 | ||
| 650 | |a México - |x Historia - |y Siglo XX | ||
| 650 | |a México - |x Historia | ||
| 650 | |a Administración Pública - |z Guadalajara, Jalisco - |x Historia - |y 1958-1964 | ||
| 650 | |a Administración Pública - |z México - |x Historia - |y 1958-1964 | ||
| 650 | |a Administración Pública - |z Guadalajara, Jalisco - |x Publicaciones Periódicas | ||
| 650 | |a Administración Pública - |z México - |x Historia - |x Publicaciones Periódicas | ||
| 650 | |a Publicaciones Periódicas Mexicanas | ||
| 700 | |a Silva Romero, Miguel |e (dirección) | ||
| 910 | |a Fondo Salvador Reynoso Reynoso | ||
| 920 | |a Impresos - Libros | ||
| 930 | |a Fondos Especiales | ||
| 905 | |a 112 | ||
| 901 | |a 0800004985 |b IT2 |c ESP |u 20250521 | ||
| 902 | |a https://opac.biblio.iteso.mx/vufind/Record/000118777 | ||